| 000 | 00862nam a2200217 a 4500 | ||
|---|---|---|---|
| 001 | 61433 | ||
| 003 | BD-RjUL | ||
| 005 | 20211209080950.0 | ||
| 008 | 170117s1978 bg ||||| |||| 00| 0 ben d | ||
| 035 | _a(BD-RjUL)61557 | ||
| 040 |
_aBD-RjUL _bben _cBD-RjUL |
||
| 041 | _aben | ||
| 082 |
_223 _a335.43 _bJAG 1978 |
||
| 100 |
_aজাহাঙ্গীর, বোরহান উদ্দিন খান _9183125 |
||
| 245 | 1 | 0 |
_aগ্রামাঞ্চলে ধনতন্ত্রের বিকাশ / _cবোরহান উদ্দিন খান জাহাঙ্গীর |
| 260 |
_aঢাকা : _bসমাজ নিরীক্ষণ কেন্দ্র, _c১৯৭৮ |
||
| 300 |
_a৬৫ পৃ. ; _c২১ সেমি. |
||
| 650 |
_aধনতন্ত্র _9172798 |
||
| 650 |
_aCapitalism _9172589 |
||
| 942 |
_2ddc _cBK |
||
| 999 |
_c61433 _d61433 |
||